| 000 | nam a22 a 4500 | ||
|---|---|---|---|
| 999 |
_c331676 _d331676 |
||
| 003 | BLK | ||
| 005 | 20190618112056.0 | ||
| 008 | 190618b bu ||||| |||| 00| 0 bu d | ||
| 020 | _a978-954-626-425-1 | ||
| 040 | _aBLK | ||
| 041 |
_aBUL _cBUL |
||
| 080 |
_aРелигия. Теология. Вж и 141.4; 322 ; 348 _b2 _x-167.2 _z2-167.2 |
||
| 080 |
_aМетафизика на духовния живот _b130.3 _z130.3 |
||
| 100 |
_9341038 _aКупър, Даяна _eпърви автор |
||
| 245 |
_aВдъхновение от ангелите _bкак да промените вашия свят с помощта на ангелите _cДаяна Купър ; прев. от англ. ез. Валерия Сарелска |
||
| 260 |
_9209626 _aСофия _bАратрон _c2014 |
||
| 380 | _a2 | ||
| 500 | _aОриг. загл.: Angel inspiration / Diana Cooper | ||
| 650 | 7 |
_9146903 _aАнгели |
|
| 650 | 7 |
_9170201 _aСамоусъвършенстване |
|
| 852 | _aЦб 295166 | ||
| 942 |
_cKNG _n0 |
||
| 944 |
_aCR _c2019-06-18 _kСимона Петрова |
||